ბათუმის შოთა რუსთაველის სახელმწიფო უნივერსიტეტის ბიბლიოთეკა

ის უბანი და კარმიდამო. (ბიბ.ჩანაწერი № 42242)

000 -LEADER
fixed length control field 00643nam a2200217Ia 4500
001 - CONTROL NUMBER
control field 8937
003 - CONTROL NUMBER IDENTIFIER
control field GE_BSU
008 - FIXED-LENGTH DATA ELEMENTS--GENERAL INFORMATION
fixed length control field 181216s||||||||xx |||||||||||||| ||und||
040 ## - CATALOGING SOURCE
Transcribing agency GE_BSU
080 ## - UNIVERSAL DECIMAL CLASSIFICATION NUMBER
Universal Decimal Classification number 821.353.1-1
100 ## - MAIN ENTRY--PERSONAL NAME
Personal name კაჭახიძე,გიორგი.
245 ## - TITLE STATEMENT
Title ის უბანი და კარმიდამო.
245 ## - TITLE STATEMENT
Remainder of title ლექსები
260 ## - PUBLICATION, DISTRIBUTION, ETC.
Place of publication, distribution, etc. ტფილისი.
260 ## - PUBLICATION, DISTRIBUTION, ETC.
Name of publisher, distributor, etc. სახელგამი.
260 ## - PUBLICATION, DISTRIBUTION, ETC.
Date of publication, distribution, etc. 1934.
300 ## - PHYSICAL DESCRIPTION
Extent 103გვ;15სმ.
653 ## - INDEX TERM--UNCONTROLLED
Uncontrolled term ის უბანი და კარმიდამო.
653 ## - INDEX TERM--UNCONTROLLED
Uncontrolled term ლექსები
942 ## - ADDED ENTRY ELEMENTS (KOHA)
Koha item type წიგნი
ეგზემპლარები
Withdrawn status Lost status Damaged status Not for loan Date acquired Barcode Date last seen Price effective from Koha item type
        2018-12-17 31441 2018-12-17 2018-12-17 წიგნი
        2018-12-17 31442 2018-12-17 2018-12-17 წიგნი
        2018-12-17 31443 2018-12-17 2018-12-17 წიგნი
        2018-12-17 31444 2018-12-17 2018-12-17 წიგნი